000 00521nam a2200181Ia 4500
001 24200
005 20260414151027.0
008 260414t2016||||xx |||||||||||||| ||spa||
041 _aESP
082 _a792.028
_bS78
100 _aStanislavski, Konstantín S.
_eAUT
245 0 _aEl trabajo del actor sobre sí mismo en el proceso creador de la vivencia :
_ben el proceso creador de la vivencia
260 _c2016
300 _a368 páginas :
_c21 cm.
650 _aABD
654 _aCAU
942 _cLIB
_dJUS
_fJUS
_2ddc
_n
999 _c24200
_d24200